000
00242nam a2200097Ia 4500
008
240331s9999 xx 000 0 und d
082
_b
WIC
100
_a
Wickramasinghe, N
245
0
_a
Ethnic politics in colonial Sri Lanka 1927-1947
942
_c
L
999
_c
2331
_d
2331